La subjetividad como clepsidra : (Record no. 195720)

MARC details
000 -LEADER
campo de control de longitud fija 01290nam a2200313 i 4500
001 - NÚMERO DE CONTROL
campo de control 195720
003 - IDENTIFICADOR DE NÚMERO DE CONTROL
campo de control ES-MaACL
005 - FECHA Y HORA DE LA ÚLTIMA TRANSACCIÓN
campo de control 20241215063025.0
008 - DATOS DE LONGITUD FIJA--INFORMACIÓN GENERAL
campo de control de longitud fija 240712s2019 sp ||||| |||| 00| 0 spa d
040 ## - FUENTE DE CATALOGACIÓN
Lengua de catalogación spa
Centro/agencia transcriptor ES-MaACL
Centro/agencia modificador ES-MaACL
100 ## - ENTRADA PRINCIPAL--NOMBRE DE PERSONA
Nombre de persona Tappan Merino, José Eduardo
9 (RLIN) 237377
Término indicativo de función/relación Autor
245 ## - MENCIÓN DEL TÍTULO
Título La subjetividad como clepsidra :
Resto del título el psicolanálisis y los malestares de lo social /
Mención de responsabilidad, etc. José Eduardo Tappan Merino.
250 ## - MENCION DE EDICION
Mención de edición 1a ed.
260 ## - PUBLICACIÓN, DISTRIBUCIÓN, ETC.
Lugar de publicación, distribución, etc. México :
Nombre del editor, distribuidor, etc. Daniel Sánchez Castro,
Fecha de publicación, distribución, etc. 2019
300 ## - DESCRIPCIÓN FÍSICA
Extensión 178 p. ;
Dimensiones 21 cm
336 ## - TIPO DE CONTENIDO
Fuente rdacontent
Término de tipo de contenido texto
337 ## - TIPO DE MEDIO
Fuente rdamedia
Nombre/término del tipo de medio sin mediación
338 ## - TIPO DE SOPORTE
Fuente rdacarrier
Nombre/término del tipo de soporte volumen
490 1# - MENCIÓN DE SERIE
Mención de serie Colección Psicoanálisis
650 #4 - PUNTO DE ACCESO ADICIONAL DE MATERIA--TÉRMINO DE MATERIA
9 (RLIN) 16530
Término de materia o nombre geográfico como elemento de entrada Psicoanálisis
650 #7 - PUNTO DE ACCESO ADICIONAL DE MATERIA--TÉRMINO DE MATERIA
9 (RLIN) 159489
Término de materia o nombre geográfico como elemento de entrada Subjetividad
830 ## - PUNTO DE ACCESO ADICIONAL DE SERIE-TÍTULO UNIFORME
9 (RLIN) 237378
Título uniforme Colección Psicoanálisis
852 ## - LOCALIZACIÓN
Ubicación ES-MaACL
Sublocalización o colección R.152821
Ubicación en estantería Depósito J
Número de control de estantería N-8726
Anotaciones manuscritas Dedicatoria autógrafa del autor
Donativo/Legado Donación: José Eduardo Tappan Merino
Encuadernación Encuaderanción rústica
Partes que faltan Ejemplar mútilo: falto a partir de la página 178
903 ## - NOMBRE PERSONAL DE DONANTE
9 237377
a Tappan Merino, José Eduardo
e Donante
942 ## - ELEMENTOS DE ENTRADA SECUNDARIOS (KOHA)
Fuente del sistema de clasificación o colocación Clasificación decimal universal
Tipo de ítem Koha Libro impreso
Suprimir en OPAC No
954 ## - CATALOGADORES
Estado de la copia El psicolanálisis y los malestares de lo social
Holdings
Estatus retirado Estado de pérdida Fuente del sistema de clasificación o colocación Estado de daño No para préstamo Colección Biblioteca de origen Biblioteca actual Ubicación en estantería Fecha de adquisición Fuente de adquisición Total de préstamos Signatura topográfica completa Código de barras Visto por última vez Precio de reemplazo Tipo de ítem Koha Nota pública
    Clasificación decimal universal     Libros con dedicatorias Biblioteca del Ateneo de Madrid Biblioteca del Ateneo de Madrid Depósito J 13/12/2024 Donación   N-8726 101229282 13/12/2024 13/12/2024 Libro impreso Dedicatoria autógrafa del autor